Science education in Asia and the pacific / (Record no. 123199)

MARC details
000 -LEADER
fixed length control field 00932nam a22002417a 4500
005 - DATE AND TIME OF LATEST TRANSACTION
control field 20170828152018.0
010 ## - LCCN (DPL NO)
LC control number B-58955
020 ## - INTERNATIONAL STANDARD BOOK NUMBER
Terms of availability 00.00
International Standard Book Number 8171415717
035 ## - SYSTEM CONTROL NUMBER
System control number B-058955
037 ## - SOURCE OF ACQUISITION
Source of stock number/acquisition Cen Lib/Ret
082 ## - DEWEY DECIMAL CLASSIFICATION NUMBER
Classification number 372.3
Item number SCI
245 ## - TITLE STATEMENT
Title Science education in Asia and the pacific /
Statement of responsibility, etc edited by Digumarti Bhaskara Rao
260 ## - PUBLICATION, DISTRIBUTION, ETC. (IMPRINT)
Place of publication, distribution, etc New Delhi
Name of publisher, distributor, etc Discovery Publishing House
Date of publication, distribution, etc 2001
270 ## - ADDRESS
Address 4831/24, Ansari Road, Darya Ganj
City New Delhi
Postal code 110002
300 ## - PHYSICAL DESCRIPTION
Extent 429p.
Dimensions 22cm(Hb)
490 ## - SERIES STATEMENT
Series statement Bulletin of the Unesco Regional Office for Education in Asia and the Pacific
650 ## - SUBJECT ADDED ENTRY--TOPICAL TERM
Topical term or geographic name as entry element Science and Technology
650 ## - SUBJECT ADDED ENTRY--TOPICAL TERM
Topical term or geographic name as entry element Science--Study and teaching
650 ## - SUBJECT ADDED ENTRY--TOPICAL TERM
Topical term or geographic name as entry element विज्ञान और प्रौद्योगिकी
650 ## - SUBJECT ADDED ENTRY--TOPICAL TERM
Topical term or geographic name as entry element विज्ञान - अध्ययन और अध्यापन
700 ## - ADDED ENTRY--PERSONAL NAME
Personal name Rao, Digumarti Bhaskara
9 (RLIN) 4707
942 ## - ADDED ENTRY ELEMENTS (KOHA)
Source of classification or shelving scheme Dewey Decimal Classification
Item type English Books
Classification part 372.3
Call number suffix SCI
Holdings
Withdrawn status Lost status Not for loan Home library Current library Date acquired Source of acquisition Cost, normal purchase price Full call number Barcode Copy number Cost, replacement price Koha item type Public note
Written off     Central Library Central Library 04/06/2015 Cen Lib/Ret 0.00 372.3 SCI B-058955 1 0.00 English Books Written off on approval by DLB (By Circulation); dtd 15-06-2023

© Delhi Public Library
Hit Counter
free hit counter